00795nam a2200241Ia 4500008004100000020002200041050001800063050001400081100002400095245005200119245006800171245002400239260001600263260002100279260000900300300001600309300003300325300001100358500005100369650004200420650004500462650004600507160319s9999 xx 000 0 und d a978-971-27-2125-0 aFIL GE 160,P5 b.G35 2009 aGalang, Angelina P. 4aThe Philippine environment in the ecozoic age : bprinciples of environmental science in the Philippine setting / cAngelina P. Galang. aPasig City: bAnvil Pub. Inc., c2009 a227 pages : billustrations (some color) ; c25 cm. aincludes bibliographical references and index. aEnvironmental policy -- Philippines.  aPhilippines -- Environmental conditions. xEnvironmental protection -- Philippines.